00253nam a2200097Ia 4500008004000000082001600040100001600056245003200072260004300104300000800147210210b1977 xxu||||| |||| 00| 0 eng d a152.44 MAUP aMAURUS (J). aPower of pleasant feelings. aAllahabadbBetter yourself booksc1977 a143